Patient specific Implant in Oral & Maxillofacial Surgery (Record no. 23902)

MARC details
000 -LEADER
fixed length control field 00463nam a22001817a 4500
003 - CONTROL NUMBER IDENTIFIER
control field SGT
020 ## - INTERNATIONAL STANDARD BOOK NUMBER
International Standard Book Number 9789355159533
082 ## - DEWEY DECIMAL CLASSIFICATION NUMBER
Classification number 617.525
Item number P23Y
100 ## - MAIN ENTRY--PERSONAL NAME
Personal name Yadav, Lokesh
245 ## - TITLE STATEMENT
Title Patient specific Implant in Oral & Maxillofacial Surgery
260 ## - PUBLICATION, DISTRIBUTION, ETC. (IMPRINT)
Place of publication, distribution, etc Book Rivers
Year of Publication 2023
300 ## - PAGE DESCRIPTION
No. of Pages 76
650 ## - SUBJECT ADDED ENTRY--TOPICAL TERM
Topical term or geographic name as entry element Oral & Maxillofacial Surgery
653 ## - KEYWORDS--INDEX TERM
Keyword term Oral & Maxillofacial Surgery
700 ## - ADDED ENTRY--PERSONAL NAME
Personal name Bhatnagar, Alok
700 ## - ADDED ENTRY--PERSONAL NAME
Personal name Sanjeev Kumar
942 ## - ADDED ENTRY ELEMENTS (KOHA)
Source of classification or shelving scheme Dewey Decimal Classification
Koha item type Books
Holdings
Withdrawn status Lost status Source of classification or shelving scheme Damaged status Use restrictions Not for loan Home library Current library Shelving location Date acquired SGTU Full call number Accession No. (Barcode) Date last seen Bill Date Koha item type
    Dewey Decimal Classification   Restricted Access Not For Loan SGT Dental Library SGT Dental Library On Display 09/05/2023 SGTU 617.525 P23Y FD8976 09/05/2023 09/05/2023 Books